Demon's Souls Locations - Statistics

General Stats
  • This quiz has been taken 57 times
  • The average score is 5 of 23
Answer Stats
Area Boss/Hint Answer % Correct
Central Hub Location The Nexus
94%
Phalanx Gates of Boletaria
52%
Dirty Colossus Swamp of Sorrow
32%
Penetrator Inner Ward
29%
Fool's Idol Prison of Hope
29%
Tower Knight The Lord's Path
29%
King Allant Below the Nexus
26%
Old Monk The Ivory Tower
26%
Old King Allant The King's Tower
26%
Maneaters Upper Latria
26%
Adjudicator Island's Edge
23%
Armour Spider Smithing Grounds
23%
Flamelurker The Tunnel City
23%
Leechmonger Depraved Chasm
19%
Old Hero The Ritual Path
16%
Dragon God Underground Temple
16%
Storm King Altar of Storms
13%
Maiden Astraea Rotting Haven
13%
Made to worship and imprison the Dragon God Shrine of the Dragon God
10%
Where Garl Vinland waits with Astraea Sanctuary of the Lost
3%
Stormy area where flying stingrays are found The Monolith Forest
3%
Where the demonic imposter of the King stood Throne of the False King
3%
PvP arena for the Old Monk fight Throne Room of Yormedaar
3%
No matching quizzes found
Score Distribution
Percent of People with Each Score
Percentile by Number Answered
Your Score History
You have not taken this quiz